000 00611nam a22002057a 4500
999 _c442491
_d442491
003 UA-OsUOA
005 20191009150213.0
008 191009b un ||||| |||| 00| 0 ukr d
020 _a5265002170
040 _aUA-OsUOA
_bukr
_cUA-OsUOA
_dUA-OsUOA
041 _aukr
080 _a821.161.1
090 _a821.161.1
_bР93
100 _aРытхеу Ю
245 _aИнтерконтинентальный мост
_bроман
_cЮрий Рытхеу ; ред. Ф. Кацас
260 _aМосква
_bСоветский писатель
_c1989
300 _a456 с.
942 _2udc
_cBK
955 _a3